Normal view
MARC view
- Muhammad Ehtasham Akbar
Entry Personal Name
001 - CONTROL NUMBER
- control field: 98464
003 - CONTROL NUMBER IDENTIFIER
- control field: NUST
005 - DATE AND TIME OF LATEST TRANSACTION
- control field: 20220824131205.0
008 - FIXED-LENGTH DATA ELEMENTS
- fixed length control field: 220824|| aca||aabn | a|a d
040 ## - CATALOGING SOURCE
- Original cataloging agency: NUST
- Transcribing agency: NUST
100 ## - HEADING--PERSONAL NAME
- Personal name: Muhammad Ehtasham Akbar
670 ## - SOURCE DATA FOUND
- Source citation: Work cat.: (NUST): Muhammad Ehtasham Akbar, TH-SOF-2033-Time Study Based Model to Optimize the Assembly Line Efficiency and Labor Cost Considering Human Factors, 2022.
